| 000 | 00948nmm a2200277 a 4500 | ||
|---|---|---|---|
| 001 | ocm000641562 | ||
| 003 | TR-IsHL | ||
| 005 | 20201028131624.0 | ||
| 008 | 131028s2008 tu tur | ||
| 007 | cr cn | ||
| 020 | _a9789758486465 | ||
| 035 |
_a641562 _b(N$T) |
||
| 050 | 0 | 4 |
_aDR440 _b.Ö98 2008 |
| 090 | 0 | 4 |
_aDR440 _b.Ö98 2008 |
| 100 | 1 | _aÖztuna, Yılmaz | |
| 245 | 1 | 0 |
_aBir darbenin anatomisi _h[electronic resource] / _cYılmaz Öztuna |
| 250 | _a10. bs. | ||
| 260 |
_aİstanbul : _bBabıali Kültür Yayıncılığı, _c2008 |
||
| 300 | _a480 p. | ||
| 650 | 4 | _aPolitika ve Uluslararası İlişkiler | |
| 650 | 4 | _aPolitics and International Relations | |
| 650 | 0 |
_aTurkey _x History _x 1829 _x 1878 |
|
| 650 | 0 |
_aTürkiye _x Tarih -1829 _x 1878 |
|
| 650 | 7 |
_aHISTORY / Middle East / Turkey & Ottoman Empire _2bisacsh |
|
| 856 | 4 | 0 | _uhttp://search.ebscohost.com/login.aspx?direct=true&scope=site&db=e011xww&AN=641562 |
| 999 |
_c4662 _d4662 |
||